[Event "EYCC 2024 - G12"]
[Site "?"]
[Date "2024.08.22"]
[Round "1.1"]
[White "Matskevich, Varvara"]
[Black "Cretescu, Emma"]
[Result "1-0"]
[BlackElo "1607"]
[WhiteElo "1956"]
[LiveChessVersion "1.4.8"]

1. e4 {[%clk 1:31:00]} c5 {[%clk 1:30:51]} 2. Nf3 {[%clk 1:31:16]} Nc6
{[%clk 1:31:02]} 3. Bb5 {[%clk 1:31:34]} d6 {[%clk 1:30:40]} 4. c3
{[%clk 1:31:41]} Nf6 {[%clk 1:30:26]} 5. Qe2 {[%clk 1:30:50]} Bd7
{[%clk 1:26:19]} 6. a4 {[%clk 1:28:53]} e6 {[%clk 1:21:21]} 7. O-O
{[%clk 1:28:11]} a6 {[%clk 1:17:44]} 8. Bd3 {[%clk 1:26:43]} Be7 {[%clk 1:16:11]}
9. Bc2 {[%clk 1:26:40]} O-O {[%clk 1:15:33]} 10. d4 {[%clk 1:26:17]} cxd4
{[%clk 1:15:04]} 11. cxd4 {[%clk 1:26:34]} h6 {[%clk 1:00:46]} 12. Nc3
{[%clk 1:25:41]} Nb4 {[%clk 0:45:13]} 13. Bb3 {[%clk 1:22:44]} d5
{[%clk 0:43:32]} 14. e5 {[%clk 1:21:26]} Nh7 {[%clk 0:43:08]} 15. Be3
{[%clk 1:19:15]} Ng5 {[%clk 0:41:02]} 16. Nxg5 {[%clk 1:18:56]} Bxg5
{[%clk 0:41:30]} 17. f4 {[%clk 1:19:10]} Be7 {[%clk 0:41:04]} 18. Qg4
{[%clk 1:15:34]} f5 {[%clk 0:31:54]} 19. exf6 {[%clk 1:13:00]} Bxf6
{[%clk 0:31:07]} 20. Qg6 Qe8 {[%clk 0:30:04]} 21. Qg3 {[%clk 1:10:23]} Qh5
{[%clk 0:23:49]} 22. f5 {[%clk 1:08:09]} Rad8 {[%clk 0:09:47]} 23. Qd6
{[%clk 1:04:12]} Nc6 {[%clk 0:06:25]} 24. Rad1 {[%clk 0:58:08]} Bc8
{[%clk 0:06:04]} 25. Qg3 {[%clk 0:55:54]} Qh4 {[%clk 0:05:43]} 26. Qc7
{[%clk 0:51:29]} Bxd4 {[%clk 0:03:11]} 27. Bxd4 {[%clk 0:51:08]} Nxd4
{[%clk 0:02:05]} 28. Rf4 {[%clk 0:50:38]} Qf6 {[%clk 0:01:18]} 29. Rfxd4
{[%clk 0:48:53]} Qxf5 {[%clk 0:01:22]} 30. Qg3 {[%clk 0:48:33]} Rf7
{[%clk 0:00:49]} 31. h3 {[%clk 0:47:50]} Rdf8 {[%clk 0:00:55]} 32. R4d2
{[%clk 0:47:41]} Rf6 {[%clk 0:00:45]} 33. Qe1 {[%clk 0:46:59]} Rg6
{[%clk 0:00:37]} 34. Bc2 {[%clk 0:47:15]} Qg5 {[%clk 0:00:39]} 35. Bxg6
{[%clk 0:47:39]} Qxg6 {[%clk 0:00:59]} 36. Rf2 {[%clk 0:48:01]} Rxf2
{[%clk 0:00:43]} 37. Qxf2 {[%clk 0:48:22]} Qf6 {[%clk 0:00:41]} 38. Rf1
{[%clk 0:48:46]} Qxf2+ {[%clk 0:00:49]} 39. Kxf2 {[%clk 0:49:07]} Kf7
{[%clk 0:00:49]} 40. Ke3+ {[%clk 0:49:26]} Ke7 {[%clk 0:01:04]} 41. Kd4
{[%clk 0:49:53]} b6 {[%clk 0:01:07]} 42. Ke5 {[%clk 0:50:18]} Bd7
{[%clk 0:01:14]} 43. b3 {[%clk 0:50:42]} Bc6 {[%clk 0:01:12]} 44. Ne2
{[%clk 0:51:04]} Be8 {[%clk 0:00:52]} 45. Nd4 {[%clk 0:51:25]} Bd7
{[%clk 0:00:58]} 46. Rc1 {[%clk 0:51:47]} Kd8 {[%clk 0:00:51]} 47. Kd6
{[%clk 0:52:07]} e5 {[%clk 0:00:49]} 48. Kxe5 {[%clk 0:52:26]} Ke7
{[%clk 0:01:08]} 49. Rc7 {[%clk 0:52:48]} Kd8 {[%clk 0:01:25]} 50. Kd6
{[%clk 0:53:07]} Ke8 {[%clk 0:00:55]} 51. Rxd7 {[%clk 0:53:20]} 1-0

[Event "EYCC 2024 - G12"]
[Site "?"]
[Date "2024.08.22"]
[Round "1.2"]
[White "Lackova, Lucie"]
[Black "Benhadid, Jeilynn"]
[Result "1-0"]
[BlackElo "1879"]
[WhiteElo "1605"]
[LiveChessVersion "1.4.8"]

1. e4 {[%clk 1:30:57]} c5 {[%clk 1:30:45]} 2. Nf3 {[%clk 1:31:20]} Nc6
{[%clk 1:31:00]} 3. d4 {[%clk 1:31:43]} cxd4 {[%clk 1:31:15]} 4. Nxd4
{[%clk 1:32:06]} g6 {[%clk 1:31:22]} 5. Nc3 {[%clk 1:32:25]} Bg7 {[%clk 1:31:37]}
6. Be3 {[%clk 1:32:43]} Nf6 {[%clk 1:31:49]} 7. Bc4 {[%clk 1:32:18]} Qa5
{[%clk 1:32:02]} 8. O-O {[%clk 1:32:22]} O-O {[%clk 1:31:50]} 9. Nb3
{[%clk 1:32:30]} Qd8 {[%clk 1:30:35]} 10. Be2 {[%clk 1:31:57]} d6
{[%clk 1:28:15]} 11. f4 {[%clk 1:31:49]} b6 {[%clk 1:24:13]} 12. Bf3
{[%clk 1:32:04]} Bb7 {[%clk 1:24:24]} 13. Qd2 {[%clk 1:29:16]} Qd7
{[%clk 1:21:34]} 14. h3 {[%clk 1:28:42]} Rfd8 {[%clk 1:20:29]} 15. Rad1
{[%clk 1:27:14]} Nb4 {[%clk 1:11:44]} 16. a3 {[%clk 1:22:46]} Na6
{[%clk 1:11:21]} 17. Qf2 {[%clk 1:09:56]} Rac8 {[%clk 0:55:07]} 18. e5
{[%clk 0:56:51]} Bxf3 {[%clk 0:52:13]} 19. Qxf3 {[%clk 0:56:32]} Ne8
{[%clk 0:52:20]} 20. exd6 {[%clk 0:45:13]} Nxd6 {[%clk 0:51:47]} 21. Bd4
{[%clk 0:42:02]} Qe8 {[%clk 0:28:33]} 22. Bxg7 {[%clk 0:41:27]} Kxg7
{[%clk 0:27:40]} 23. Rfe1 {[%clk 0:40:38]} e6 {[%clk 0:24:07]} 24. Qe2
{[%clk 0:39:03]} Nc5 {[%clk 0:21:03]} 25. Rxd6 {[%clk 0:35:20]} Rxd6
{[%clk 0:16:10]} 26. Qe5+ {[%clk 0:35:40]} f6 {[%clk 0:15:38]} 27. Qxd6
{[%clk 0:35:55]} Rd8 {[%clk 0:15:13]} 28. Qc7+ {[%clk 0:36:04]} Rd7
{[%clk 0:15:27]} 29. Qc6 {[%clk 0:35:31]} Nxb3 {[%clk 0:14:54]} 30. cxb3
{[%clk 0:35:50]} Qd8 {[%clk 0:14:24]} 31. Qxe6 {[%clk 0:34:41]} Rd2
{[%clk 0:14:11]} 32. Qe7+ {[%clk 0:33:14]} Qxe7 {[%clk 0:14:36]} 33. Rxe7+
{[%clk 0:33:37]} Kh6 {[%clk 0:14:58]} 34. Rxa7 {[%clk 0:33:54]} Rxb2
{[%clk 0:13:40]} 35. b4 {[%clk 0:33:59]} Rd2 {[%clk 0:13:30]} 36. Na4
{[%clk 0:33:52]} b5 {[%clk 0:13:41]} 37. Nc5 {[%clk 0:34:10]} Ra2
{[%clk 0:13:19]} 38. Ra5 {[%clk 0:33:50]} Kg7 {[%clk 0:13:23]} 39. Rxb5
{[%clk 0:34:00]} Rxa3 {[%clk 0:13:45]} 40. Rb8 {[%clk 0:33:26]} Ra1+
{[%clk 0:13:56]} 41. Kf2 {[%clk 0:33:17]} Rb1 {[%clk 0:14:19]} 42. b5
{[%clk 0:33:41]} Kf7 {[%clk 0:14:27]} 43. b6 {[%clk 0:34:01]} Rb5
{[%clk 0:14:22]} 44. b7 {[%clk 0:33:49]} Ke7 {[%clk 0:13:33]} 45. Rc8
{[%clk 0:33:53]} Rb2+ {[%clk 0:13:53]} 46. Kg3 {[%clk 0:34:12]} Kd6
{[%clk 0:14:08]} 47. b8=Q+ {[%clk 0:33:23]} 1-0

[Event "EYCC 2024 - G12"]
[Site "?"]
[Date "2024.08.22"]
[Round "1.3"]
[White "Sunea, Sara Maria"]
[Black "Laurincova, Timea"]
[Result "1-0"]
[BlackElo "1605"]
[WhiteElo "1871"]
[LiveChessVersion "1.4.8"]

1. e4 {[%clk 1:30:55]} c5 {[%clk 1:30:53]} 2. Nf3 {[%clk 1:31:14]} Nc6
{[%clk 1:31:08]} 3. d4 {[%clk 1:31:38]} cxd4 {[%clk 1:31:28]} 4. Nxd4
{[%clk 1:32:06]} g6 {[%clk 1:31:44]} 5. c4 {[%clk 1:32:20]} Bg7 {[%clk 1:31:52]}
6. Be3 {[%clk 1:32:35]} d6 {[%clk 1:31:54]} 7. Nc3 {[%clk 1:32:42]} Nf6
{[%clk 1:32:06]} 8. f3 {[%clk 1:33:06]} O-O {[%clk 1:31:51]} 9. Qd2
{[%clk 1:33:20]} Bd7 {[%clk 1:30:25]} 10. Be2 {[%clk 1:33:05]} Rc8
{[%clk 1:29:35]} 11. O-O {[%clk 1:32:57]} Ne5 {[%clk 1:28:08]} 12. b3
{[%clk 1:31:22]} Nc6 {[%clk 1:27:08]} 13. Rad1 {[%clk 1:29:07]} a6
{[%clk 1:22:04]} 14. Kh1 {[%clk 1:26:57]} Re8 {[%clk 1:18:06]} 15. Nc2
{[%clk 1:24:57]} Be6 {[%clk 1:15:56]} 16. h3 {[%clk 1:16:16]} Qd7
{[%clk 1:09:44]} 17. Kh2 {[%clk 1:05:35]} Qd8 {[%clk 1:04:06]} 18. f4
{[%clk 1:00:50]} Qc7 {[%clk 1:01:07]} 19. Kh1 {[%clk 0:57:30]} Rf8
{[%clk 0:59:45]} 20. g4 {[%clk 0:52:23]} Qb8 {[%clk 0:56:18]} 21. Nd4
{[%clk 0:40:16]} Nxd4 {[%clk 0:53:07]} 22. Bxd4 {[%clk 0:40:25]} Rcd8
{[%clk 0:46:44]} 23. Qe3 {[%clk 0:31:44]} Bd7 {[%clk 0:38:32]} 24. Bb6
{[%clk 0:26:39]} Rc8 {[%clk 0:38:00]} 25. g5 {[%clk 0:25:45]} Ne8
{[%clk 0:37:10]} 26. Nd5 {[%clk 0:25:34]} e6 {[%clk 0:31:48]} 27. Ne7+
{[%clk 0:24:55]} Kh8 {[%clk 0:32:05]} 28. Nxc8 {[%clk 0:22:26]} Qxc8
{[%clk 0:32:08]} 29. Kg2 {[%clk 0:20:26]} h6 {[%clk 0:28:34]} 30. h4
{[%clk 0:19:50]} h5 {[%clk 0:26:18]} 31. Bd4 {[%clk 0:17:50]} Kh7
{[%clk 0:21:43]} 32. Bxg7 {[%clk 0:17:33]} Kxg7 {[%clk 0:21:48]} 33. e5
{[%clk 0:15:50]} dxe5 {[%clk 0:19:22]} 34. fxe5 {[%clk 0:15:58]} Bc6+
{[%clk 0:15:58]} 35. Bf3 {[%clk 0:16:16]} b5 {[%clk 0:16:10]} 36. Rc1
{[%clk 0:15:02]} b4 {[%clk 0:14:06]} 37. Qb6 {[%clk 0:13:43]} Bxf3+
{[%clk 0:12:24]} 38. Rxf3 {[%clk 0:13:52]} Qa8 {[%clk 0:11:19]} 39. Re1
{[%clk 0:11:22]} a5 {[%clk 0:10:08]} 40. Kf2 {[%clk 0:09:48]} a4 {[%clk 0:07:51]}
41. Qxb4 {[%clk 0:09:34]} Qa7+ {[%clk 0:07:39]} 42. c5 {[%clk 0:07:14]} axb3
{[%clk 0:07:19]} 43. axb3 {[%clk 0:06:12]} Nc7 {[%clk 0:06:30]} 44. Qb6
{[%clk 0:05:26]} Qxb6 {[%clk 0:06:28]} 45. cxb6 {[%clk 0:05:54]} Nd5
{[%clk 0:06:47]} 46. Rc1 {[%clk 0:05:52]} Nxb6 {[%clk 0:06:48]} 47. Rc7
{[%clk 0:06:00]} Nd5 {[%clk 0:06:47]} 48. Rb7 {[%clk 0:06:25]} Kg8
{[%clk 0:05:59]} 49. b4 {[%clk 0:06:10]} f5 {[%clk 0:04:54]} 50. gxf6
{[%clk 0:06:20]} Ra8 {[%clk 0:04:47]} 51. Rg7+ {[%clk 0:05:28]} Kh8
{[%clk 0:04:43]} 52. Rxg6 {[%clk 0:05:39]} Nxb4 {[%clk 0:04:12]} 53. Rh6+
{[%clk 0:05:59]} Kg8 {[%clk 0:03:47]} 54. Rg3+ {[%clk 0:06:24]} Kf7
{[%clk 0:03:50]} 55. Rg7+ {[%clk 0:06:49]} 1-0

[Event "EYCC 2024 - G12"]
[Site "?"]
[Date "2024.08.22"]
[Round "1.4"]
[White "Mirzaliyeva, Fatima Eldar"]
[Black "Ejsymont, Blanka"]
[Result "1-0"]
[BlackElo "1861"]
[WhiteElo "1604"]
[LiveChessVersion "1.4.8"]

1. e4 {[%clk 1:30:51]} c6 {[%clk 1:30:56]} 2. d3 {[%clk 1:31:03]} d5
{[%clk 1:31:19]} 3. Nd2 {[%clk 1:31:24]} e5 {[%clk 1:31:22]} 4. Ngf3
{[%clk 1:31:48]} Bd6 {[%clk 1:30:58]} 5. d4 {[%clk 1:31:58]} exd4
{[%clk 1:28:57]} 6. Bd3 {[%clk 1:32:20]} Ne7 {[%clk 1:23:49]} 7. O-O
{[%clk 1:22:56]} O-O {[%clk 1:15:56]} 8. Re1 {[%clk 1:12:08]} dxe4
{[%clk 1:10:09]} 9. Nxe4 {[%clk 1:11:04]} c5 {[%clk 1:03:59]} 10. b4
{[%clk 1:07:05]} cxb4 {[%clk 0:58:41]} 11. Bb2 {[%clk 0:57:14]} Nbc6
{[%clk 0:56:46]} 12. Nxd6 {[%clk 0:39:48]} Qxd6 {[%clk 0:56:57]} 13. Nxd4
{[%clk 0:36:05]} Nxd4 {[%clk 0:52:10]} 14. Bxd4 {[%clk 0:35:13]} Ng6
{[%clk 0:42:27]} 15. Bb2 {[%clk 0:29:39]} Qc7 {[%clk 0:37:11]} 16. Bxg6
{[%clk 0:28:23]} fxg6 {[%clk 0:28:50]} 17. Qd5+ {[%clk 0:27:04]} Qf7
{[%clk 0:19:51]} 18. Re7 {[%clk 0:27:23]} Qxd5 {[%clk 0:16:55]} 19. Rxg7+
{[%clk 0:27:46]} Kh8 {[%clk 0:16:47]} 20. Rxg6+ {[%clk 0:28:11]} Rf6
{[%clk 0:14:58]} 21. Bxf6# {[%clk 0:28:36]} 1-0

[Event "EYCC 2024 - G12"]
[Site "?"]
[Date "2024.08.22"]
[Round "1.5"]
[White "Hangyal, Anna"]
[Black "Nedeljkovic, Lena"]
[Result "1/2-1/2"]
[BlackElo "1604"]
[WhiteElo "1853"]
[LiveChessVersion "1.4.8"]

1. e4 {[%clk 1:30:56]} e5 {[%clk 1:30:57]} 2. Nf3 {[%clk 1:31:19]} Nc6
{[%clk 1:31:21]} 3. d4 {[%clk 1:31:32]} exd4 {[%clk 1:31:45]} 4. Nxd4
{[%clk 1:31:58]} Bc5 {[%clk 1:32:09]} 5. Be3 {[%clk 1:32:19]} Qf6
{[%clk 1:32:26]} 6. Nb5 {[%clk 1:31:39]} Bxe3 {[%clk 1:32:33]} 7. fxe3
{[%clk 1:31:49]} Qh4+ {[%clk 1:32:27]} 8. g3 {[%clk 1:32:12]} Qxe4
{[%clk 1:32:43]} 9. Nxc7+ {[%clk 1:32:30]} Kd8 {[%clk 1:33:02]} 10. Nxa8
{[%clk 1:32:51]} Qxh1 {[%clk 1:33:21]} 11. Qd6 {[%clk 1:32:28]} Nf6
{[%clk 1:33:39]} 12. Nc3 {[%clk 1:32:33]} Qf3 {[%clk 1:33:22]} 13. Kd2
{[%clk 1:12:31]} Re8 {[%clk 1:21:22]} 14. Qc7+ {[%clk 1:11:15]} Ke7
{[%clk 1:21:30]} 15. Be2 {[%clk 1:09:04]} Qg2 {[%clk 1:15:20]} 16. Qf4
{[%clk 1:04:24]} Qxh2 {[%clk 1:07:37]} 17. Nc7 {[%clk 1:04:31]} Rd8
{[%clk 1:07:32]} 18. Rf1 {[%clk 0:59:21]} d5 {[%clk 0:46:37]} 19. Kc1
{[%clk 0:48:38]} Be6 {[%clk 0:42:43]} 20. Nxe6 {[%clk 0:45:03]} fxe6
{[%clk 0:42:10]} 21. Bg4 {[%clk 0:28:01]} Qh6 {[%clk 0:36:02]} 22. Qxh6
{[%clk 0:24:34]} gxh6 {[%clk 0:36:24]} 23. Bh3 {[%clk 0:24:31]} Rg8
{[%clk 0:33:44]} 24. Rg1 {[%clk 0:22:53]} Ne5 {[%clk 0:27:32]} 25. Ne2
{[%clk 0:21:07]} Ne4 {[%clk 0:26:17]} 26. Rg2 {[%clk 0:05:49]} Nc4
{[%clk 0:23:55]} 27. b3 {[%clk 0:02:40]} Nxe3 {[%clk 0:24:09]} 28. Rg1
{[%clk 0:02:58]} e5 {[%clk 0:19:56]} 29. Kb2 {[%clk 0:02:30]} b5 {[%clk 0:18:30]}
30. a3 {[%clk 0:01:18]} a5 {[%clk 0:16:46]} 31. Bg2 {[%clk 0:00:45]} Nxg2
{[%clk 0:15:54]} 32. Rxg2 {[%clk 0:01:13]} b4 {[%clk 0:14:04]} 33. axb4
{[%clk 0:01:07]} axb4 {[%clk 0:14:32]} 34. Rh2 {[%clk 0:01:00]} Rg6
{[%clk 0:14:23]} 35. Rg2 {[%clk 0:01:09]} d4 {[%clk 0:12:46]} 36. Rg1
{[%clk 0:01:16]} Ke6 {[%clk 0:10:43]} 37. Kc1 {[%clk 0:00:47]} Nc3
{[%clk 0:09:33]} 38. Kd2 {[%clk 0:01:16]} Nxe2 {[%clk 0:09:37]} 39. Kxe2
{[%clk 0:01:44]} e4 {[%clk 0:09:48]} 40. Kf2 {[%clk 0:01:37]} Ke5
{[%clk 0:08:19]} 41. Rh1 {[%clk 0:00:52]} e3+ {[%clk 0:05:32]} 42. Ke2
{[%clk 0:01:17]} Rxg3 {[%clk 0:04:46]} 43. Rxh6 {[%clk 0:01:41]} Rg2+
{[%clk 0:05:05]} 44. Kd1 {[%clk 0:02:02]} Kf4 {[%clk 0:04:52]} 45. Rxh7
{[%clk 0:02:20]} Kf3 {[%clk 0:05:11]} 46. Rf7+ {[%clk 0:02:44]} Kg3
{[%clk 0:04:18]} 47. Rf8 {[%clk 0:02:13]} Kh2 {[%clk 0:02:26]} 48. Rc8
{[%clk 0:01:21]} Kg1 {[%clk 0:02:08]} 49. Ke1 {[%clk 0:01:39]} Rf2
{[%clk 0:01:34]} 50. Rg8+ {[%clk 0:01:36]} Rg2 {[%clk 0:01:45]} 51. Rc8
{[%clk 0:01:13]} Rd2 {[%clk 0:01:09]} 52. Rg8+ {[%clk 0:00:45]} Kh2
{[%clk 0:01:13]} 53. Rh8+ {[%clk 0:00:55]} Kg3 {[%clk 0:01:36]} 54. Rg8+
{[%clk 0:01:19]} Kf4 {[%clk 0:02:01]} 55. Rd8 {[%clk 0:01:26]} Ke4
{[%clk 0:02:10]} 56. Re8+ {[%clk 0:01:40]} Kd5 {[%clk 0:01:50]} 57. Rd8+
{[%clk 0:02:03]} Ke6 {[%clk 0:02:17]} 58. Rc8 {[%clk 0:02:15]} d3
{[%clk 0:01:54]} 59. cxd3 Rxd3 {[%clk 0:02:12]} 60. Ke2 {[%clk 0:00:57]} Rxb3
{[%clk 0:02:27]} 61. Rb8 {[%clk 0:00:47]} Kd5 {[%clk 0:02:44]} 62. Rd8+
{[%clk 0:01:00]} Kc4 {[%clk 0:03:01]} 63. Rc8+ {[%clk 0:01:25]} Kd4
{[%clk 0:02:38]} 64. Rd8+ {[%clk 0:01:43]} Kc3 {[%clk 0:02:59]} 65. Kxe3
{[%clk 0:02:04]} Kc2+ {[%clk 0:03:13]} 66. Ke2 {[%clk 0:02:24]} Rc3
{[%clk 0:02:52]} 67. Rd2+ {[%clk 0:02:39]} Kb3 {[%clk 0:03:07]} 68. Kd1
{[%clk 0:02:40]} Kc4 {[%clk 0:02:23]} 69. Rc2 {[%clk 0:02:56]} Kb3
{[%clk 0:02:43]} 70. Rd2 {[%clk 0:03:02]} Ka3 {[%clk 0:02:52]} 71. Rd8
{[%clk 0:02:49]} b3 {[%clk 0:02:20]} 72. Rb8 {[%clk 0:02:24]} Kb2
{[%clk 0:01:28]} 73. Kd2 {[%clk 0:02:39]} Rc1 {[%clk 0:00:59]} 74. Rxb3+
{[%clk 0:03:00]} Kxb3 {[%clk 0:01:21]} 75. Kxc1 {[%clk 0:03:29]} 1/2-1/2

[Event "EYCC 2024 - G12"]
[Site "?"]
[Date "2024.08.22"]
[Round "1.6"]
[White "Wiessner, Johanna"]
[Black "Kaminska, Zuzanna"]
[Result "0-1"]
[BlackElo "1848"]
[WhiteElo "1604"]
[LiveChessVersion "1.4.8"]

1. e4 {[%clk 1:30:54]} e5 {[%clk 1:30:53]} 2. d4 {[%clk 1:31:12]} exd4
{[%clk 1:31:11]} 3. Qxd4 {[%clk 1:31:33]} Nc6 {[%clk 1:31:07]} 4. Qe3
{[%clk 1:31:43]} d6 {[%clk 1:30:12]} 5. Bd2 {[%clk 1:31:05]} Be7 {[%clk 1:27:51]}
6. Nc3 {[%clk 1:30:22]} Nf6 {[%clk 1:27:07]} 7. O-O-O {[%clk 1:30:29]} a6
{[%clk 1:22:38]} 8. Bd3 O-O {[%clk 1:16:13]} 9. f3 {[%clk 1:26:40]} Ne5
{[%clk 1:12:57]} 10. Be2 {[%clk 1:23:10]} Be6 {[%clk 1:10:51]} 11. Nh3
{[%clk 1:21:27]} b5 {[%clk 1:04:20]} 12. Nf4 {[%clk 1:20:44]} Bc4
{[%clk 0:50:21]} 13. Nfd5 {[%clk 1:19:37]} Re8 {[%clk 0:45:42]} 14. Nxf6+
{[%clk 1:18:47]} Bxf6 {[%clk 0:45:59]} 15. Kb1 {[%clk 1:15:39]} Bxe2
{[%clk 0:44:14]} 16. Qxe2 {[%clk 1:14:48]} Nc4 {[%clk 0:43:21]} 17. Bf4
{[%clk 1:14:23]} Bxc3 {[%clk 0:42:09]} 18. bxc3 {[%clk 1:14:37]} Qf6
{[%clk 0:40:28]} 19. Bd2 {[%clk 1:14:02]} Na3+ {[%clk 0:36:03]} 20. Kb2
{[%clk 1:14:01]} b4 {[%clk 0:34:42]} 21. Qd3 {[%clk 1:12:47]} Rab8
{[%clk 0:31:36]} 22. Ra1 {[%clk 1:10:58]} bxc3+ {[%clk 0:26:50]} 23. Kxa3
{[%clk 1:11:03]} cxd2 {[%clk 0:27:35]} 24. Rab1 {[%clk 1:10:50]} Qg5
{[%clk 0:26:30]} 25. Rxb8 {[%clk 1:08:47]} Qa5+ {[%clk 0:24:15]} 26. Kb2
{[%clk 1:08:21]} Rxb8+ {[%clk 0:24:39]} 27. Ka1 {[%clk 1:07:25]} Qb4
{[%clk 0:24:40]} 28. Qb3 {[%clk 1:05:59]} Qd4+ {[%clk 0:24:54]} 29. c3
{[%clk 1:05:47]} Rxb3 {[%clk 0:24:47]} 30. cxd4 {[%clk 1:06:01]} Re3
{[%clk 0:25:02]} 31. Kb2 {[%clk 1:03:53]} Re1 {[%clk 0:25:22]} 32. Kc2
{[%clk 1:03:57]} d1=Q+ {[%clk 0:25:41]} 33. Kc3 {[%clk 1:04:24]} Qc1+
{[%clk 0:25:47]} 34. Kb4 {[%clk 1:04:44]} Qb2+ {[%clk 0:26:00]} 35. Kc4
{[%clk 1:05:07]} Qxa2+ {[%clk 0:26:07]} 36. Kc3 {[%clk 1:05:27]} Re3+
{[%clk 0:26:28]} 37. Kb4 {[%clk 1:05:47]} Qb3+ {[%clk 0:26:42]} 38. Ka5
{[%clk 1:06:10]} Qb5# {[%clk 0:27:06]} 0-1

[Event "EYCC 2024 - G12"]
[Site "?"]
[Date "2024.08.22"]
[Round "1.7"]
[White "Rzadkowska, Kaja"]
[Black "Haslinger, Stella Valentina"]
[Result "1/2-1/2"]
[BlackElo "1590"]
[WhiteElo "1825"]
[LiveChessVersion "1.4.8"]

1. e4 {[%clk 1:30:58]} c6 {[%clk 1:30:47]} 2. d4 {[%clk 1:31:23]} d5
{[%clk 1:31:10]} 3. Nd2 {[%clk 1:31:49]} dxe4 {[%clk 1:31:26]} 4. Nxe4
{[%clk 1:32:14]} Nf6 {[%clk 1:31:48]} 5. Nxf6+ {[%clk 1:32:38]} exf6
{[%clk 1:32:12]} 6. c3 {[%clk 1:33:02]} Be7 {[%clk 1:31:40]} 7. Bd3
{[%clk 1:33:02]} Nd7 {[%clk 1:30:48]} 8. Qc2 {[%clk 1:30:46]} g6 {[%clk 1:28:21]}
9. h4 {[%clk 1:22:53]} Rg8 {[%clk 1:22:07]} 10. Be3 {[%clk 1:13:27]} Qc7
{[%clk 1:18:55]} 11. O-O-O {[%clk 1:10:38]} c5 {[%clk 1:16:28]} 12. dxc5
{[%clk 1:01:52]} Nxc5 {[%clk 1:16:13]} 13. Bxc5 {[%clk 0:59:01]} Qxc5
{[%clk 1:15:02]} 14. Nf3 {[%clk 0:51:54]} Bg4 {[%clk 1:13:25]} 15. Be4
{[%clk 0:43:26]} Qb6 {[%clk 1:10:00]} 16. Qa4+ {[%clk 0:38:59]} Kf8
{[%clk 1:07:55]} 17. Bxb7 {[%clk 0:30:38]} Rb8 {[%clk 1:04:46]} 18. Qxg4
{[%clk 0:29:41]} Rxb7 {[%clk 1:03:41]} 1/2-1/2

[Event "EYCC 2024 - G12"]
[Site "?"]
[Date "2024.08.22"]
[Round "1.8"]
[White "Hrckova, Anna"]
[Black "Jordan, Christina"]
[Result "0-1"]
[BlackElo "1811"]
[WhiteElo "1586"]
[LiveChessVersion "1.4.8"]

1. e4 {[%clk 1:30:56]} c5 {[%clk 1:30:54]} 2. Nf3 {[%clk 1:31:04]} d6
{[%clk 1:31:19]} 3. d4 {[%clk 1:31:27]} cxd4 {[%clk 1:31:44]} 4. Nxd4
{[%clk 1:31:48]} Nf6 {[%clk 1:32:05]} 5. Nc3 {[%clk 1:32:01]} a6 {[%clk 1:32:29]}
6. Bg5 {[%clk 1:32:05]} Nbd7 {[%clk 1:32:38]} 7. Qd2 {[%clk 1:31:37]} e6
{[%clk 1:29:29]} 8. O-O-O {[%clk 1:29:54]} Be7 {[%clk 1:28:25]} 9. Be2
{[%clk 1:27:23]} Qc7 {[%clk 1:24:02]} 10. Kb1 {[%clk 1:25:24]} b5
{[%clk 1:17:52]} 11. f4 {[%clk 1:22:35]} b4 {[%clk 1:10:47]} 12. Na4
{[%clk 1:20:23]} Nxe4 {[%clk 1:10:34]} 13. Qxb4 {[%clk 1:17:48]} Nxg5
{[%clk 1:04:16]} 14. fxg5 {[%clk 1:16:37]} Bxg5 {[%clk 0:57:32]} 15. Nf3
{[%clk 1:16:57]} Be7 {[%clk 0:57:53]} 16. Qd4 {[%clk 1:14:39]} O-O
{[%clk 0:51:41]} 17. Bd3 {[%clk 1:14:24]} Bb7 {[%clk 0:48:34]} 18. Be4
{[%clk 1:12:26]} Bxe4 {[%clk 0:48:02]} 19. Qxe4 {[%clk 1:11:45]} Rab8
{[%clk 0:47:40]} 20. Qd3 {[%clk 1:11:06]} Qa5 {[%clk 0:46:33]} 21. Nc3
{[%clk 1:09:49]} Nc5 {[%clk 0:44:42]} 22. Qc4 {[%clk 1:06:58]} Bf6
{[%clk 0:43:55]} 23. Nd4 {[%clk 1:06:19]} Bxd4 {[%clk 0:42:47]} 24. Qxd4
{[%clk 1:03:57]} e5 {[%clk 0:41:35]} 25. Qc4 {[%clk 1:03:36]} Qb6
{[%clk 0:38:57]} 26. b3 {[%clk 1:03:05]} Rfc8 {[%clk 0:36:31]} 27. Nd5
{[%clk 1:02:56]} Qd8 {[%clk 0:36:47]} 28. g3 {[%clk 1:00:27]} Nxb3
{[%clk 0:34:10]} 29. Qg4 {[%clk 0:57:16]} Nd4+ {[%clk 0:34:20]} 30. Ka1
{[%clk 0:57:05]} Nxc2# {[%clk 0:34:45]} 0-1

[Event "EYCC 2024 - G12"]
[Site "?"]
[Date "2024.08.22"]
[Round "1.9"]
[White "Alcantara, Levanah"]
[Black "Najdkova, Laura"]
[Result "1-0"]
[BlackElo "1582"]
[WhiteElo "1807"]
[LiveChessVersion "1.4.8"]

1. d4 {[%clk 1:30:48]} d5 {[%clk 1:30:50]} 2. c4 {[%clk 1:30:56]} e6
{[%clk 1:31:08]} 3. Nc3 {[%clk 1:31:12]} Nf6 {[%clk 1:31:26]} 4. cxd5
{[%clk 1:31:28]} exd5 {[%clk 1:31:49]} 5. Bg5 {[%clk 1:31:37]} Be7
{[%clk 1:31:26]} 6. e3 {[%clk 1:31:44]} c6 {[%clk 1:31:45]} 7. Bd3
{[%clk 1:32:01]} O-O {[%clk 1:31:19]} 8. Nge2 {[%clk 1:32:06]} Be6
{[%clk 1:29:38]} 9. Qc2 {[%clk 1:31:41]} Nbd7 {[%clk 1:29:39]} 10. O-O
{[%clk 1:25:59]} Re8 {[%clk 1:27:11]} 11. f3 {[%clk 1:17:34]} Nf8
{[%clk 1:23:30]} 12. e4 {[%clk 1:14:14]} dxe4 {[%clk 1:20:20]} 13. fxe4
{[%clk 1:10:43]} Ng6 {[%clk 1:18:08]} 14. Rad1 {[%clk 0:52:24]} Ng4
{[%clk 0:56:15]} 15. Bd2 {[%clk 0:50:46]} Qd6 {[%clk 0:49:24]} 16. e5
{[%clk 0:45:53]} N6xe5 {[%clk 0:42:35]} 17. Bf4 {[%clk 0:38:52]} Bf6
{[%clk 0:39:08]} 18. Ne4 {[%clk 0:35:06]} Qd5 {[%clk 0:30:59]} 19. Nxf6+
{[%clk 0:31:23]} gxf6 {[%clk 0:26:04]} 20. dxe5 {[%clk 0:30:54]} fxe5
{[%clk 0:25:34]} 21. Bxh7+ {[%clk 0:31:06]} Kf8 {[%clk 0:25:33]} 22. Rxd5
{[%clk 0:31:11]} 1-0

[Event "EYCC 2024 - G12"]
[Site "?"]
[Date "2024.08.22"]
[Round "1.10"]
[White "Luong, Thao"]
[Black "Pehlivanova, Aleksandra"]
[Result "0-1"]
[BlackElo "1793"]
[WhiteElo "1579"]
[LiveChessVersion "1.4.8"]

1. e4 {[%clk 1:30:58]} c5 {[%clk 1:30:52]} 2. Nf3 {[%clk 1:31:22]} e6
{[%clk 1:31:19]} 3. d4 {[%clk 1:31:41]} cxd4 {[%clk 1:31:45]} 4. Nxd4
{[%clk 1:32:03]} a6 {[%clk 1:32:13]} 5. c4 {[%clk 1:31:55]} Nf6 {[%clk 1:32:38]}
6. Nc3 {[%clk 1:29:38]} Qc7 {[%clk 1:31:40]} 7. Be3 {[%clk 1:27:16]} Bb4
{[%clk 1:31:01]} 8. f3 {[%clk 1:21:14]} Nc6 {[%clk 1:25:40]} 9. Be2
{[%clk 1:18:19]} Bd6 {[%clk 1:14:53]} 10. g3 {[%clk 1:14:16]} O-O
{[%clk 1:13:25]} 11. f4 {[%clk 1:11:17]} Nxd4 {[%clk 1:09:44]} 12. Bxd4
{[%clk 1:09:58]} e5 {[%clk 1:08:37]} 13. fxe5 {[%clk 1:08:05]} Bxe5
{[%clk 1:07:42]} 14. Nd5 {[%clk 1:03:53]} Nxd5 {[%clk 1:03:50]} 15. exd5
{[%clk 0:58:59]} Re8 {[%clk 1:01:27]} 16. O-O {[%clk 0:48:26]} Bxd4+
{[%clk 0:54:15]} 17. Qxd4 {[%clk 0:48:49]} Rxe2 {[%clk 0:52:54]} 18. Rae1
{[%clk 0:48:15]} Rxe1 {[%clk 0:52:58]} 19. Rxe1 {[%clk 0:48:39]} Qd8
{[%clk 0:48:59]} 20. Qe4 {[%clk 0:46:15]} Qf8 {[%clk 0:46:49]} 21. Qd4
{[%clk 0:42:09]} d6 {[%clk 0:46:35]} 22. Qb6 {[%clk 0:40:49]} Rb8
{[%clk 0:45:00]} 23. Qc7 {[%clk 0:40:05]} Bh3 {[%clk 0:45:11]} 24. Re7
{[%clk 0:38:23]} Re8 {[%clk 0:37:25]} 25. Rd7 {[%clk 0:34:37]} Bxd7
{[%clk 0:37:42]} 26. Qxd7 {[%clk 0:35:00]} Qe7 {[%clk 0:38:11]} 27. Qxe7
{[%clk 0:34:58]} Rxe7 {[%clk 0:38:39]} 28. Kf2 {[%clk 0:35:06]} Kf8
{[%clk 0:39:06]} 29. b4 {[%clk 0:35:02]} Ke8 {[%clk 0:39:27]} 30. c5
{[%clk 0:35:16]} Kd7 {[%clk 0:39:52]} 31. a4 {[%clk 0:35:08]} Re5
{[%clk 0:40:12]} 32. b5 {[%clk 0:35:14]} dxc5 0-1